000 00540nam a2200181Ia 4500
005 20250508163918.0
008 008 250505s9999 xx 000 0 eng d
037 _aTextual
040 _aFEDL
_beng
_cFEDL
041 _aeng
_2eng
084 _a809.914, ABR
_qFEDL
100 _aAbrams M H
245 0 _aNatural supernaturalism: Tradition and revolution in romantic literature
260 _aNew York, USA
_bW. W. Norton and Company
_c1971
300 _a550p
942 _cTEXL
_h809.914, ABR
999 _c1385934
_d1385934